| 000 | 00384nam a22001217a 4500 | ||
|---|---|---|---|
| 999 |
_c3334 _d3334 |
||
| 008 | 200608b ||||| |||| 00| 0 eng d | ||
| 110 |
_92796 _aInstitute of Chartered Shipbrokers |
||
| 245 | 1 | 0 |
_aPort terminal management / _cby Institute of Chartered Shipbrokers. |
| 260 |
_aLondon : _bInstitute of Chartered Shipbrokers, _c2010. |
||
| 300 | _ax | ||
| 650 | 0 | _aPort Management | |
| 942 | _cBK | ||